MARC details
| 000 -LEADER |
| fixed length control field |
01166cam a2200289 a 45 0 |
| 001 - CONTROL NUMBER |
| control field |
u157894 |
| 003 - CONTROL NUMBER IDENTIFIER |
| control field |
SIRSI |
| 008 - FIXED-LENGTH DATA ELEMENTS--GENERAL INFORMATION |
| fixed length control field |
091214s2004 ua b 000 0 eng d |
| 040 ## - CATALOGING SOURCE |
| Original cataloging agency |
EAL |
| 041 ## - LANGUAGE CODE |
| Language code of text/sound track or separate title |
eng |
| Language code of summary or abstract |
ara |
| 090 ## - LOCALLY ASSIGNED LC-TYPE CALL NUMBER (OCLC); LOCAL CALL NUMBER (RLIN) |
| Classification number (OCLC) (R) ; Classification number, CALL (RLIN) (NR) |
CD-1335 |
| 100 1# - MAIN ENTRY--PERSONAL NAME |
| Personal name |
Hanafy, Ahmed Ramadan Ibrahim. |
| 245 10 - TITLE STATEMENT |
| Title |
Studies on the most important cucumber pests in the open field and suitable control programs |
| Medium |
[computer file]/ |
| Statement of responsibility, etc. |
Ahmed Ramadan Ibrahim Hanafy. |
| 246 15 - VARYING FORM OF TITLE |
| Title proper/short title |
دراسات على أهم الآفات التي تصيب الخيار في الحقل المفتوح وأنسب البرامج للمكافحة. |
| 260 ## - PUBLICATION, DISTRIBUTION, ETC. |
| Date of publication, distribution, etc. |
2004. |
| 300 ## - PHYSICAL DESCRIPTION |
| Extent |
Computer laser optical disk; |
| Dimensions |
4 3/4in. |
| 502 ## - DISSERTATION NOTE |
| Dissertation note |
Thesis (Ph.D.) -- Zagazig University, 2004. |
| 504 ## - BIBLIOGRAPHY, ETC. NOTE |
| Bibliography, etc. note |
Includes bibliographical references (leaves 254 - 279). |
| 538 ## - SYSTEM DETAILS NOTE |
| System details note |
Systems requirments:Adobe Reader. |
| 546 ## - LANGUAGE NOTE |
| Language note |
Summary in Arabic. |
| 596 ## - |
| -- |
1 |
| 650 #0 - SUBJECT ADDED ENTRY--TOPICAL TERM |
| Topical term or geographic name entry element |
Cucumbers |
| General subdivision |
Diseases and pests. |
| 650 #0 - SUBJECT ADDED ENTRY--TOPICAL TERM |
| Topical term or geographic name entry element |
Cucumbers |
| General subdivision |
Diseases and pests |
| -- |
Control. |
| 650 #0 - SUBJECT ADDED ENTRY--TOPICAL TERM |
| Topical term or geographic name entry element |
Agricultural systems. |
| 856 40 - ELECTRONIC LOCATION AND ACCESS |
| Uniform Resource Identifier |
<a href="http://nile.enal.sci.eg/thesis/1335.pdf">http://nile.enal.sci.eg/thesis/1335.pdf</a> |
| Public note |
Content & Abstract |
| 942 ## - ADDED ENTRY ELEMENTS (KOHA) |
| Koha item type |
E-Thesis |
| Source of classification or shelving scheme |
Library of Congress Classification |